000 00438nab a2200145Ia 4500
003 ES-SlBCS
005 20210601131740.0
008 140529s1932 xxu||||| |||| 00| 0 fre d
041 _afre
100 1 _aDuhamelet, Geneviève
_9188532
245 0 0 _aLes enfants abandonnés de Dieu
_c Geneviève Duhamelet
650 0 4 _aNiños-Dios
_9188533
773 0 _tVie Intelectuelle (La)
_gvol. 15, nº. 3, 1932, págs. 467-470
_wRev907
942 _cAR
999 _c568126
_d568126